000 00950nam a2200265Ia 4500
003 OSt
005 20221005104524.0
006 a|||||r|||| 00| 0
007 ta
008 221004b |||||||| |||| 00| 0 hin d
020 _a8185726043 (hbk)
_c250
024 _a99481
037 _b355, 02/03/2010, Swaraj Prakashan
_cTextual
040 _aCRL
_cCRL
_bhin
041 _2hin
_ahin
082 _aO152,1NNA,2, M1;P8
100 _aनागार्जुन
245 0 _aहज़ार - हज़ार बॉंहों वाली
246 _aHaज़ār - haज़ār baॉanhoan vālī
250 _aचतुर्थ संस्करण
260 _aदिल्ली
_bयात्री प्रकाशन भारत
_c2008
300 _a192पृ0
_ccm.
942 _hO152,1NNA,2, M1;P8
_cTEXL
_2cc
999 _c1012974
_d1012974